[Event "V4Liptov2018"]
[Site "?"]
[Date "2018.06.25"]
[Round "5.27"]
[White "Grimm, Balazs"]
[Black "Ciglian, Michal"]
[Result "0-1"]
[BlackElo "1518"]
[WhiteElo "1731"]
[LiveChessVersion "1.4.8"]

1. e4 {[%clk 1:00:59]} e5 {[%clk 1:00:56]} 2. Nc3 {[%clk 1:01:25]} Nc6
{[%clk 1:00:59]} 3. Bc4 {[%clk 1:01:48]} Bc5 {[%clk 1:01:22]} 4. Nf3
{[%clk 1:02:11]} d6 {[%clk 1:01:44]} 5. h3 {[%clk 1:02:38]} Be6 {[%clk 1:02:06]}
6. Bb5 {[%clk 1:02:54]} Nge7 {[%clk 1:02:20]} 7. d3 {[%clk 1:03:13]} a6
{[%clk 1:02:22]} 8. Ba4 {[%clk 1:03:39]} O-O {[%clk 1:02:36]} 9. Bg5
{[%clk 1:04:02]} f6 {[%clk 1:02:56]} 10. Be3 {[%clk 1:04:06]} Bb4
{[%clk 1:02:43]} 11. O-O {[%clk 1:04:27]} f5 {[%clk 1:02:40]} 12. Ng5
{[%clk 1:04:28]} Bf7 {[%clk 1:02:22]} 13. Nxf7 {[%clk 1:03:36]} Kxf7
{[%clk 1:02:13]} 14. Bb3+ {[%clk 1:03:56]} Ke8 {[%clk 1:02:33]} 15. Qh5+
{[%clk 1:04:02]} Kd7 {[%clk 1:01:56]} 16. Bg5 {[%clk 1:03:56]} h6
{[%clk 1:01:31]} 17. Bxe7 {[%clk 1:03:26]} Nxe7 {[%clk 1:01:53]} 18. Nd5
{[%clk 1:03:34]} Nxd5 {[%clk 1:00:03]} 19. Bxd5 {[%clk 1:03:58]} c6
{[%clk 1:00:27]} 20. Bf7 {[%clk 1:03:37]} Qg5 {[%clk 1:00:36]} 21. exf5
{[%clk 1:03:36]} Bc5 {[%clk 0:59:50]} 22. h4 {[%clk 0:59:39]} Qf6
{[%clk 0:59:05]} 23. Be6+ {[%clk 0:59:28]} Ke7 {[%clk 0:59:11]} 24. b4
{[%clk 0:59:16]} Bd4 {[%clk 0:59:30]} 25. Rae1 {[%clk 0:58:57]} g6
{[%clk 0:58:30]} 26. Qf3 {[%clk 0:58:25]} gxf5 {[%clk 0:58:33]} 27. Bc4
{[%clk 0:57:54]} Qxh4 {[%clk 0:58:14]} 28. a4 {[%clk 0:57:52]} Qg4
{[%clk 0:58:09]} 29. Qxg4 {[%clk 0:57:47]} fxg4 {[%clk 0:58:34]} 30. Re4
{[%clk 0:58:15]} g3 {[%clk 0:58:50]} 31. Rxd4 {[%clk 0:58:12]} gxf2+
{[%clk 0:59:08]} 32. Rxf2 {[%clk 0:56:04]} exd4 {[%clk 0:59:19]} 33. Re2+
{[%clk 0:56:19]} Kd7 {[%clk 0:59:44]} 34. b5 {[%clk 0:56:13]} axb5
{[%clk 0:59:39]} 35. axb5 {[%clk 0:56:38]} Ra1+ {[%clk 1:00:04]} 36. Kh2
{[%clk 0:57:01]} c5 {[%clk 1:00:28]} 37. Bd5 {[%clk 0:57:11]} Rb1
{[%clk 1:00:37]} 38. Bxb7 {[%clk 0:55:44]} Rxb5 {[%clk 1:00:53]} 39. Bd5
{[%clk 0:55:57]} Rf1 {[%clk 1:00:25]} 40. Bb3 {[%clk 0:55:32]} Ra5
{[%clk 0:57:43]} 41. Re6 {[%clk 0:54:32]} Raa1 {[%clk 0:57:54]} 42. Rg6
{[%clk 0:54:28]} Rh1+ {[%clk 0:56:38]} 43. Kg3 {[%clk 0:54:53]} Rae1
{[%clk 0:56:59]} 44. Ba4+ {[%clk 0:54:29]} Ke7 {[%clk 0:57:12]} 45. Rg7+
{[%clk 0:54:42]} Kf6 {[%clk 0:57:34]} 46. Rd7 {[%clk 0:54:58]} Re3+
{[%clk 0:57:53]} 47. Kf2 {[%clk 0:55:21]} Ke6 {[%clk 0:58:10]} 48. Rd8
{[%clk 0:55:40]} Rhe1 {[%clk 0:58:20]} 49. Rh8 {[%clk 0:55:33]} R1e2+
{[%clk 0:58:41]} 50. Kg1 {[%clk 0:55:43]} Rg3 {[%clk 0:58:42]} 51. Rxh6+
{[%clk 0:56:01]} Ke5 {[%clk 0:59:07]} 52. Rh5+ {[%clk 0:53:46]} Kf4
{[%clk 0:59:23]} 53. Bc6 {[%clk 0:54:01]} Rxc2 {[%clk 0:59:37]} 54. Rh6
{[%clk 0:53:49]} Kg5 {[%clk 0:59:39]} 55. Rxd6 {[%clk 0:53:45]} Kf4
{[%clk 0:59:33]} 56. Bf3 {[%clk 0:51:17]} Rd2 {[%clk 0:58:19]} 57. Rf6+
{[%clk 0:50:40]} Ke3 {[%clk 0:57:53]} 58. Be4 {[%clk 0:48:16]} c4
{[%clk 0:58:04]} 59. Kh2 {[%clk 0:48:17]} Rg4 {[%clk 0:58:03]} 60. Rf3+
{[%clk 0:48:15]} Ke2 {[%clk 0:58:22]} 61. Rh3 {[%clk 0:48:15]} c3
{[%clk 0:58:15]} 62. Bf3+ {[%clk 0:45:57]} Ke1 {[%clk 0:58:39]} 63. Bxg4
{[%clk 0:46:19]} c2 {[%clk 0:59:06]} 64. Kg3 {[%clk 0:45:58]} Rxd3+
{[%clk 0:59:23]} 65. Bf3 {[%clk 0:46:23]} Kd2 {[%clk 0:59:33]} 66. Rh1
{[%clk 0:45:55]} Re3 {[%clk 0:59:54]} 67. Kf2 {[%clk 0:45:52]} d3
{[%clk 1:00:19]} 68. Bh5 {[%clk 0:45:02]} Re7 {[%clk 0:59:34]} 69. Bg6
{[%clk 0:40:54]} Re2+ {[%clk 0:59:40]} 70. Kf3 {[%clk 0:36:09]} Re1
{[%clk 0:58:42]} 0-1

[Event "V4Liptov2018"]
[Site "?"]
[Date "2018.06.25"]
[Round "5.28"]
[White "Subjakova, Kristina"]
[Black "Kovacs, Lilla"]
[Result "1/2-1/2"]
[BlackElo "1640"]
[WhiteElo "1526"]
[LiveChessVersion "1.4.8"]

1. e4 {[%clk 1:00:58]} c6 {[%clk 1:00:43]} 2. c4 {[%clk 1:01:23]} d5
{[%clk 1:00:40]} 3. cxd5 {[%clk 1:01:46]} cxd5 {[%clk 1:01:03]} 4. exd5
{[%clk 1:02:10]} Qxd5 {[%clk 1:01:14]} 5. d4 {[%clk 1:02:30]} Qd8
{[%clk 0:58:19]} 6. Nc3 {[%clk 1:02:51]} a6 {[%clk 0:57:46]} 7. Bc4
{[%clk 1:02:59]} e6 {[%clk 0:57:04]} 8. Nf3 {[%clk 1:03:19]} Nf6 {[%clk 0:56:16]}
9. O-O {[%clk 1:03:28]} Be7 {[%clk 0:55:56]} 10. Bf4 {[%clk 1:03:20]} O-O
{[%clk 0:55:26]} 11. Re1 {[%clk 1:03:19]} Bb4 {[%clk 0:52:59]} 12. Re2
{[%clk 1:03:05]} Bxc3 {[%clk 0:51:51]} 13. bxc3 {[%clk 1:03:24]} b5
{[%clk 0:50:51]} 14. Bb3 {[%clk 1:03:30]} Bb7 {[%clk 0:50:02]} 15. Qd3
{[%clk 1:00:37]} Nbd7 {[%clk 0:45:10]} 16. a4 {[%clk 0:55:23]} Nc5
{[%clk 0:37:42]} 17. Qd1 {[%clk 0:54:26]} Bxf3 {[%clk 0:33:08]} 18. gxf3
{[%clk 0:54:46]} Nxb3 {[%clk 0:31:46]} 19. Qxb3 {[%clk 0:55:00]} Qd5
{[%clk 0:30:17]} 20. Qxd5 {[%clk 0:54:25]} Nxd5 {[%clk 0:30:35]} 21. Bd2
{[%clk 0:54:48]} Rac8 {[%clk 0:27:51]} 22. axb5 {[%clk 0:54:24]} axb5
{[%clk 0:28:14]} 23. Rb1 {[%clk 0:53:50]} Nxc3 {[%clk 0:26:45]} 24. Bxc3
{[%clk 0:54:12]} Rxc3 {[%clk 0:27:12]} 25. Kg2 {[%clk 0:53:01]} Rc4
{[%clk 0:24:09]} 26. Rd2 {[%clk 0:50:47]} b4 {[%clk 0:19:07]} 27. d5
{[%clk 0:50:36]} exd5 {[%clk 0:18:56]} 28. Rxd5 {[%clk 0:50:59]} Rb8
{[%clk 0:17:45]} 29. Rbd1 {[%clk 0:50:27]} g6 {[%clk 0:16:35]} 30. Rd8+
{[%clk 0:50:48]} Rxd8 {[%clk 0:16:59]} 31. Rxd8+ {[%clk 0:51:13]} Kg7
{[%clk 0:17:24]} 32. Rb8 {[%clk 0:51:32]} Kf6 {[%clk 0:17:07]} 33. Rb7
{[%clk 0:51:54]} h6 {[%clk 0:16:25]} 34. Kf1 {[%clk 0:51:57]} Ke6
{[%clk 0:16:48]} 35. Ke2 {[%clk 0:52:15]} Rc2+ {[%clk 0:16:13]} 36. Ke1
{[%clk 0:52:20]} Rb2 {[%clk 0:16:10]} 37. Kf1 {[%clk 0:52:32]} f6
{[%clk 0:15:13]} 38. Rb6+ {[%clk 0:52:20]} Ke5 {[%clk 0:14:52]} 39. Kg2
{[%clk 0:52:30]} b3 {[%clk 0:14:01]} 40. Kg3 {[%clk 0:51:14]} Rb1
{[%clk 0:12:45]} 41. Kg2 {[%clk 0:51:33]} b2 {[%clk 0:12:45]} 42. Rb5+
{[%clk 0:51:54]} Kd4 {[%clk 0:11:44]} 43. Rb8 {[%clk 0:52:13]} Ke5
{[%clk 0:10:14]} 44. Rb5+ {[%clk 0:52:35]} Kf4 {[%clk 0:09:29]} 45. Rb4+
{[%clk 0:52:56]} Kg5 {[%clk 0:08:55]} 46. Rb5+ {[%clk 0:53:16]} f5
{[%clk 0:08:43]} 47. Rb8 {[%clk 0:53:37]} Kh5 {[%clk 0:04:57]} 48. Rb7
{[%clk 0:53:36]} g5 {[%clk 0:03:11]} 49. h3 {[%clk 0:53:35]} Kh4 {[%clk 0:02:08]}
50. Rb4+ {[%clk 0:53:48]} Kh5 {[%clk 0:01:47]} 51. Rb8 {[%clk 0:54:10]} Kg6
{[%clk 0:01:24]} 52. Rb6+ {[%clk 0:54:33]} Kf7 {[%clk 0:00:58]} 53. Rb5
{[%clk 0:54:48]} Ke6 {[%clk 0:01:09]} 54. Rb6+ {[%clk 0:55:07]} Kd5
{[%clk 0:01:14]} 55. Rb8 {[%clk 0:55:24]} h5 {[%clk 0:01:27]} 56. Rb7
{[%clk 0:55:20]} g4 {[%clk 0:01:12]} 57. fxg4 {[%clk 0:55:17]} fxg4
{[%clk 0:01:26]} 58. hxg4 {[%clk 0:55:41]} hxg4 {[%clk 0:01:50]} 59. Rb8
{[%clk 0:56:06]} Kc6 {[%clk 0:01:40]} 60. Rb3 {[%clk 0:56:24]} Kc5
{[%clk 0:01:15]} 61. Rb8 {[%clk 0:56:45]} 1/2-1/2

[Event "V4Liptov2018"]
[Site "?"]
[Date "2018.06.25"]
[Round "5.29"]
[White "Chwistek, Karel"]
[Black "Vancura, Jakub"]
[Result "1-0"]
[BlackElo "1737"]
[WhiteElo "2045"]
[LiveChessVersion "1.4.8"]

1. e4 {[%clk 0:58:14]} c5 {[%clk 1:00:56]} 2. Nf3 {[%clk 0:58:18]} e6
{[%clk 1:01:23]} 3. d4 {[%clk 0:58:40]} cxd4 {[%clk 1:01:50]} 4. Nxd4
{[%clk 0:59:01]} Nf6 {[%clk 1:02:16]} 5. Nc3 {[%clk 0:59:10]} d6 {[%clk 1:02:44]}
6. Be3 {[%clk 0:58:41]} Nc6 {[%clk 1:03:06]} 7. Be2 {[%clk 0:55:45]} Be7
{[%clk 1:03:16]} 8. O-O {[%clk 0:54:26]} O-O {[%clk 1:03:35]} 9. Qd2
{[%clk 0:52:04]} Bd7 {[%clk 1:03:51]} 10. Ndb5 {[%clk 0:48:24]} Qb8
{[%clk 1:01:37]} 11. Rad1 {[%clk 0:45:51]} Rd8 {[%clk 0:56:25]} 12. f4
{[%clk 0:42:05]} Be8 {[%clk 0:51:00]} 13. a4 {[%clk 0:39:23]} a6 {[%clk 0:50:47]}
14. Na3 {[%clk 0:39:41]} d5 {[%clk 0:48:37]} 15. exd5 {[%clk 0:38:41]} Nxd5
{[%clk 0:48:59]} 16. Nxd5 {[%clk 0:38:22]} Rxd5 {[%clk 0:49:16]} 17. Qc3
{[%clk 0:35:49]} Bf6 {[%clk 0:48:11]} 18. Qb3 {[%clk 0:31:22]} Nd4
{[%clk 0:45:43]} 19. Bxd4 {[%clk 0:31:26]} Rxd4 {[%clk 0:44:45]} 20. Rxd4
{[%clk 0:30:59]} Bxd4+ {[%clk 0:45:10]} 21. Kh1 {[%clk 0:31:25]} Bc6
{[%clk 0:43:20]} 22. c3 {[%clk 0:20:49]} Be3 {[%clk 0:32:09]} 23. f5
{[%clk 0:19:21]} e5 {[%clk 0:22:28]} 24. Nc4 {[%clk 0:17:10]} Bf4
{[%clk 0:20:20]} 25. Nb6 {[%clk 0:16:45]} Ra7 {[%clk 0:18:29]} 26. Bc4
{[%clk 0:16:23]} Qc7 {[%clk 0:17:53]} 27. Rd1 {[%clk 0:15:03]} Be8
{[%clk 0:14:31]} 28. Nd5 {[%clk 0:14:12]} Qc8 {[%clk 0:13:03]} 29. Ne7+
{[%clk 0:14:35]} 1-0

[Event "V4Liptov2018"]
[Site "?"]
[Date "2018.06.25"]
[Round "5.30"]
[White "Oplustil, David"]
[Black "Havel, Kristian"]
[Result "0-1"]
[BlackElo "1522"]
[WhiteElo "1506"]
[LiveChessVersion "1.4.8"]

1. e4 {[%clk 1:00:58]} c5 {[%clk 1:00:53]} 2. Nf3 {[%clk 1:01:22]} Nc6
{[%clk 1:01:17]} 3. d4 {[%clk 1:01:10]} cxd4 {[%clk 1:01:41]} 4. Nxd4
{[%clk 1:01:23]} e5 {[%clk 1:02:06]} 5. Nxc6 {[%clk 1:00:04]} bxc6
{[%clk 1:02:25]} 6. Bc4 {[%clk 0:54:53]} Nf6 {[%clk 0:59:05]} 7. Qe2
{[%clk 0:47:21]} Be7 {[%clk 0:57:03]} 8. O-O {[%clk 0:46:25]} O-O
{[%clk 0:57:01]} 9. Nd2 {[%clk 0:40:38]} Bb7 {[%clk 0:51:44]} 10. Nf3
{[%clk 0:37:06]} d5 {[%clk 0:49:39]} 11. exd5 {[%clk 0:36:40]} cxd5
{[%clk 0:49:44]} 12. Bb3 {[%clk 0:36:41]} e4 {[%clk 0:50:01]} 13. Nd4
{[%clk 0:36:22]} a5 {[%clk 0:48:53]} 14. a4 {[%clk 0:32:00]} Ba6 {[%clk 0:44:47]}
15. Nb5 {[%clk 0:31:57]} Qb6 {[%clk 0:35:06]} 16. Be3 {[%clk 0:28:25]} Bc5
{[%clk 0:34:12]} 17. Bxc5 {[%clk 0:24:06]} Qxc5 {[%clk 0:32:29]} 18. Rfd1
{[%clk 0:20:12]} Rfd8 {[%clk 0:27:40]} 19. Qd2 {[%clk 0:15:10]} Bxb5
{[%clk 0:26:33]} 20. axb5 {[%clk 0:15:33]} Qxb5 {[%clk 0:26:41]} 21. Ra4 h6
{[%clk 0:17:40]} 22. Rda1 {[%clk 0:09:55]} Qb6 {[%clk 0:15:07]} 23. Rxa5
{[%clk 0:09:40]} Rxa5 {[%clk 0:14:58]} 24. Qxa5 {[%clk 0:09:32]} Qxa5
{[%clk 0:14:56]} 25. Rxa5 {[%clk 0:09:58]} d4 {[%clk 0:13:54]} 26. Kf1
{[%clk 0:07:19]} Kf8 {[%clk 0:13:20]} 27. Ra7 {[%clk 0:06:28]} Rd7
{[%clk 0:12:42]} 28. Rxd7 {[%clk 0:06:28]} Nxd7 {[%clk 0:12:55]} 29. Bd5
{[%clk 0:05:54]} f5 {[%clk 0:13:04]} 30. Be6 {[%clk 0:05:51]} d3 {[%clk 0:11:40]}
31. cxd3 {[%clk 0:05:59]} Nc5 {[%clk 0:11:44]} 32. Bxf5 {[%clk 0:05:49]} exd3
{[%clk 0:11:56]} 33. b4 {[%clk 0:05:33]} d2 {[%clk 0:11:29]} 34. Ke2
{[%clk 0:05:22]} Nb3 {[%clk 0:11:02]} 35. Bd3 {[%clk 0:03:47]} Ke7
{[%clk 0:09:47]} 36. Bc4 {[%clk 0:03:24]} Nd4+ {[%clk 0:09:26]} 37. Kxd2
{[%clk 0:03:43]} Kd6 {[%clk 0:09:18]} 38. Kd3 {[%clk 0:03:05]} Nf5
{[%clk 0:08:28]} 39. Ke4 {[%clk 0:02:21]} Ne7 {[%clk 0:08:10]} 40. f4
{[%clk 0:02:08]} Nc8 {[%clk 0:05:18]} 41. g4 {[%clk 0:02:11]} Nb6
{[%clk 0:05:25]} 42. Bd3 {[%clk 0:00:59]} Ke6 {[%clk 0:02:22]} 43. h4
{[%clk 0:01:10]} Nd7 {[%clk 0:01:47]} 44. Kd4 {[%clk 0:00:47]} Kd6
{[%clk 0:01:12]} 45. h5 {[%clk 0:00:54]} Nf6 {[%clk 0:01:19]} 46. g5
{[%clk 0:00:52]} Nxh5 {[%clk 0:00:54]} 47. gxh6 {[%clk 0:00:32]} gxh6
{[%clk 0:01:20]} 48. f5 {[%clk 0:00:52]} Nf6 {[%clk 0:01:44]} 49. b5
{[%clk 0:01:15]} Nd7 {[%clk 0:01:19]} 50. Bc4 {[%clk 0:00:59]} h5
{[%clk 0:00:48]} 51. Be6 {[%clk 0:00:33]} Nb6 {[%clk 0:00:38]} 52. Bf7
{[%clk 0:00:44]} h4 {[%clk 0:00:57]} 0-1

[Event "V4Liptov2018"]
[Site "?"]
[Date "2018.06.25"]
[Round "5.31"]
[White "Gemsova, Tereza"]
[Black "Oplustil, Pavel"]
[Result "0-1"]
[BlackElo "1328"]
[WhiteElo "1578"]
[LiveChessVersion "1.4.8"]

1. e4 {[%clk 1:00:59]} d5 {[%clk 1:00:47]} 2. exd5 {[%clk 1:01:18]} Nf6
{[%clk 1:01:01]} 3. d4 {[%clk 1:01:16]} Nxd5 {[%clk 1:01:25]} 4. Nf3
{[%clk 1:00:53]} g6 {[%clk 1:00:58]} 5. Bc4 {[%clk 0:56:27]} Bg7 {[%clk 0:57:11]}
6. c3 {[%clk 0:54:19]} Bg4 {[%clk 0:46:04]} 7. Qa4+ {[%clk 0:46:41]} Nc6
{[%clk 0:41:01]} 8. Bb5 {[%clk 0:38:31]} Qd6 {[%clk 0:38:28]} 9. Bxc6+
{[%clk 0:35:05]} bxc6 {[%clk 0:36:29]} 10. Qd1 {[%clk 0:33:35]} O-O
{[%clk 0:31:48]} 11. O-O {[%clk 0:32:47]} e5 {[%clk 0:31:48]} 12. dxe5
{[%clk 0:32:47]} Bxe5 {[%clk 0:23:41]} 13. h3 Bxf3 14. Qxf3 {[%clk 0:29:34]} Nb6
{[%clk 0:17:09]} 15. Rd1 {[%clk 0:28:18]} Qe6 {[%clk 0:16:48]} 16. Bf4
{[%clk 0:26:10]} Bxf4 {[%clk 0:15:02]} 17. Qxf4 {[%clk 0:26:28]} Nd5
{[%clk 0:15:09]} 18. Qf3 {[%clk 0:23:08]} Rab8 {[%clk 0:14:07]} 19. b3
{[%clk 0:23:23]} Rfe8 {[%clk 0:13:44]} 20. c4 {[%clk 0:22:16]} Nb4
{[%clk 0:10:28]} 21. Nc3 {[%clk 0:16:54]} Rbd8 22. Rxd8 Rxd8 {[%clk 0:09:27]} 23.
Rd1 {[%clk 0:17:00]} Rxd1+ {[%clk 0:08:50]} 24. Qxd1 {[%clk 0:17:12]} Qe5 25. Qd2
c5 {[%clk 0:07:33]} 26. a3 {[%clk 0:15:38]} Nc6 {[%clk 0:07:19]} 27. Nb5
{[%clk 0:08:17]} Nd4 {[%clk 0:05:10]} 28. f4 {[%clk 0:06:57]} Ne2+
{[%clk 0:04:58]} 29. Kf2 {[%clk 0:05:21]} Nxf4 {[%clk 0:04:18]} 30. Nxa7
{[%clk 0:05:29]} Nh5 {[%clk 0:03:10]} 31. Qc2 {[%clk 0:03:00]} Qg3+
{[%clk 0:01:50]} 32. Kf1 {[%clk 0:03:21]} Qf4+ {[%clk 0:01:55]} 33. Kg1
{[%clk 0:02:38]} Qd4+ {[%clk 0:01:56]} 34. Kh2 {[%clk 0:02:39]} Qd6+
{[%clk 0:01:22]} 35. Kg1 {[%clk 0:02:43]} Qa6 {[%clk 0:00:50]} 36. Nb5
{[%clk 0:01:47]} c6 {[%clk 0:01:10]} 37. Nd6 {[%clk 0:01:54]} Qxa3
{[%clk 0:01:20]} 38. Qf2 {[%clk 0:01:42]} Qa1+ {[%clk 0:01:37]} 39. Kh2
{[%clk 0:01:51]} Qe5+ {[%clk 0:02:01]} 40. Kg1 {[%clk 0:01:16]} Qxd6
{[%clk 0:02:23]} 0-1